Tim Robbins Filmography - Statistics

General Stats
  • This quiz has been taken 51 times
    24 since last reset
  • The average score is 37 of 94
Answer Stats
Type Year Name % Correct
Film 1994 The Shawshank Redemption
92%
Film 1990 Jacob's Ladder
83%
Film 1988 Bull Durham
75%
Director 1995 Dead Man Walking
75%
Film 2003 Mystic River
75%
Film 1999 Arlington Road
67%
TV Show 1986 Saturday Night Live
67%
Film 1992 The Player
67%
Film 1986 Top Gun
67%
Film 2005 War of the Worlds
67%
Film 1990 Cadillac Man
58%
Film 1997 Nothing to Lose
58%
Film 1993 Short Cuts
58%
Film 1994 The Hudsucker Proxy
58%
Film 1989 Erik the Viking
50%
Film 2011 Green Lantern
50%
Film 1986 Howard the Duck
50%
Film 1994 I.Q.
50%
Film 2000 Mission to Mars
50%
Film 2007 Noise
50%
Web Series 2023-Present Silo
50%
Film 2015 A Perfect Day
42%
Film 1999 Austin Powers: The Spy Who Shagged Me
42%
Film 1992 Bob Roberts
42%
Web Series 2019 Castle Rock
42%
Film 1999 Cradle Will Rock
42%
Film 2019 Dark Waters
42%
TV Show 1984 Hill Street Blues
42%
Film 2001 Human Nature
42%
Film 1994 Prêt-à-Porter
42%
TV Show 1982 St. Elsewhere
42%
TV Show 1999 The Simpsons
42%
TV Show 1986 Amazing Stories
33%
Film 2004 Anchorman: The Legend of Ron Burgundy
33%
Film 2001 Antitrust
33%
TV Show 1983 At Ease
33%
Film 2012 Back to 1942
33%
Film 2006 Catch a Fire
33%
TV Film 2011 Cinema Verite
33%
Film 2008 City of Ember
33%
Film 2003 Code 46
33%
Film 2004 Embedded
33%
Film 1988 Five Corners
33%
Film 1985 Fraternity Vacation
33%
Documentary Series 2003 Freedom: A History of Us
33%
TV Show 1984 Hardcastle and McCormick
33%
TV Show 2018 Here and Now
33%
Film 2000 High Fidelity
33%
TV Show 2005 Jack & Bobby
33%
Film 1991 Jungle Fever
33%
TV Show 1984 Legmen
33%
Film 2013 Life of Crime
33%
Film 2017 Majorie Prime
33%
TV Film 1985 Malice in Wonderland
33%
Film 1989 Miss Firecracker
33%
TV Show 1985 Moonlighting
33%
Film 1984 No Small Affair
33%
TV Show 2012 Portlandia
33%
TV Film 1983 Quarterback Princess
33%
TV Show 1984 Santa Barbara
33%
TV Show 1991, 1994, 1995 Sesame Street
33%
Film 1988 Tapeheads
33%
Film 2006 Tenacious D in the Pick of Destiny
33%
Film 2012 Thanks for Sharing
33%
TV Show 2015 The Brink
33%
TV Show 1984 The Love Boat
33%
Film 2008 The Lucky Ones
33%
Documentary 2001 The Party's Over
33%
Film 2005 The Secret Life of Words
33%
TV Mini-Series 2015 The Spoils Before Dying
33%
TV Mini-Series 2014 The Spoils of Babylon
33%
Film 1985 The Sure Thing
33%
Film 2002 The Truth About Charlie
33%
Film 1984 Toy Soldiers
33%
Film 1989 Twister
33%
Film 2019 VHYes
33%
Film 2014 Welcome to Me
33%
Film 2005 Zathura: A Space Adventure
33%
Award Show 1996 1996 VH1 Honors
25%
Theater 2010 Break the Whip
25%
Documentary Series 2004, 2012 Independent Lens
25%
TV Show 2000 MADtv
25%
TV Documentary 2009 Miracle in New York: The Story of the '69 Mets
25%
Documentary 2011 Revenge of the Electric Car
25%
Theater 1985 Slick Slack Griff Graff
25%
Short Documentary 2017 Straws
25%
Documentary 2003 The Day My God Died
25%
Theater 2002 The Guys
25%
Podcast 2016 The Orbiting Human Circus
25%
Documentary 2002 Tibet: Cry of the Snow Lion
25%
Music Video 2012 To Be the Best
25%
Documentary 2004 WMD: Weapons of Mass Destruction
25%
Theater 2003-2004 Trumbo: Red White and Blacklisted
0%
Theater 1982 Ubu the King
0%
No matching quizzes found
Score Distribution
Percent of People with Each Score
Percentile by Number Answered
Your Score History
You have not taken this quiz since the last reset